000
00338nam a2200133Ia 4500
008
240624s9999 xx 000 0 und d
041
_a
eng
082
_a
332.632283 PAR
100
_a
PARAMESWARAN SUNIL K
245
_a
OPTION STRATEGIES
260
_c
2008
_a
New Delhi
_b
Tata McGraw-Hill
300
_a
57 : p. : cm. ; 24
365
_c
RS
_b
33
999
_c
25911
_d
25911